| 000 | 00665nam a2200229 a 4500 | ||
|---|---|---|---|
| 001 | 13633 | ||
| 003 | BD-JhCC | ||
| 005 | 20240312111337.0 | ||
| 008 | 240312b 2024b |||| ||a| 000 0 b d | ||
| 020 | _a9789845028813 | ||
| 035 | _a(BD-JhCC)13633 | ||
| 040 |
_aBD-JhCC _dBD-JhCC |
||
| 041 | _aeng | ||
| 082 |
_a891.443 _bAFR 2024 |
||
| 100 | _aআফরিন, নাদিয়া | ||
| 245 |
_aঅরুন্ধতীর সাতকাহন / _b নাদিয়া আফরিন |
||
| 260 |
_aঢাকা: _bঅন্য প্রকাশ; _c2024. |
||
| 300 |
_a127 p. : _c22 cm. |
||
| 650 | _aBengali Novel | ||
| 942 |
_2ddc _cBK |
||
| 999 |
_c13633 _d13633 |
||